Normal view
MARC view
- الادارة الاستراتيجية
Entry Topical Term
001 - CONTROL NUMBER
- control field: 57976
003 - CONTROL NUMBER IDENTIFIER
- control field: JO-AjAnu
005 - DATE AND TIME OF LATEST TRANSACTION
- control field: 20230606083506.0
008 - FIXED-LENGTH DATA ELEMENTS
- fixed length control field: 230606|| aca||aabn | a|a d
040 ## - CATALOGING SOURCE
- Original cataloging agency: JO-AjAnu
- Transcribing agency: JO-AjAnu
150 ## - HEADING--TOPICAL TERM
- Topical term or geographic name entry element: الادارة الاستراتيجية
670 ## - SOURCE DATA FOUND
- Source citation: Work cat.: (JO-AjAnu)29579: الموسوي، لمياء علي ابراهيم، م.مشارك اكرم محسن الياسري, author 57975, مفاهيم معاصرة في الادارة الاستراتيجية وتظرية المنظمة: (ادارة الجودة الشاملة، المقارنة المرجعية، خدمة الزيون)، ج5